Paul and the legacies of Paul /

Bibliographic Details
Other Authors: Babcock, William S., 1939-
Format: Book
Language:English
Published: Dallas : Southern Methodist University Press, 1990.
Edition:1st ed.
Subjects:

MARC

Tag First Indicator Second Indicator Subfields
LEADER 00000cam a2200000 a 4500
001 in00001041221
005 20150928151345.0
008 891229s1990 txuaf b 101 0deng
010 |a  89078490  
020 |a 0870743058 
020 |a 0870743066 (pbk.) 
035 |a (OCoLC)20992787 
035 |9 AFH1078AM 
040 |a DLC  |c DLC  |d UtOrBLW 
043 |a aw-----  |a e------  |a ff----- 
049 |a TXAM 
050 0 0 |a BS2650.5  |b .P38 1990 
082 0 0 |a 225.9/2  |2 20 
245 0 0 |a Paul and the legacies of Paul /  |c edited by William S. Babcock. 
250 |a 1st ed. 
264 1 |a Dallas :  |b Southern Methodist University Press,  |c 1990. 
300 |a xxviii, 426 pages :  |b illustrations and [4] pages of plates ;  |c 24 cm. 
336 |a text  |b txt  |2 rdacontent 
337 |a unmediated  |b n  |2 rdamedia 
338 |a volume  |b nc  |2 rdacarrier 
500 |a Revised papers presented at the conference "Paul and the legacies of Paul," held at the Southern Methodist University in March 1987. 
504 |a Includes bibliographical references (pages 409-412) and indexes. 
630 0 0 |a Bible.  |p Epistles of Paul  |x Criticism, interpretation, etc.  |x Congresses. 
600 0 0 |a Paul,  |c the Apostle, Saint  |x Congresses. 
600 0 0 |a Paul,  |c the Apostle, Saint  |x Influence  |x Congresses. 
650 0 |a Theology  |x History of doctrines  |y Early church, ca. 30-600  |x Congresses. 
700 1 |a Babcock, William S.,  |d 1939- 
999 |a MARS 
999 f f |s 712d5133-b72a-3e60-9e87-c7599d586f9d  |i e50c68c2-2359-364f-a8a1-3565b432bf71  |t 0 
952 f f |p normal  |a Texas A&M University  |b College Station  |c Sterling C. Evans Library  |d Evans: Library Stacks  |t 0  |e BS2650.5 .P38 1990  |h Library of Congress classification  |i unmediated -- volume  |m A14815699772 
998 f f |a BS2650.5 .P38 1990  |t 0  |l Evans: Library Stacks